000 00404 a2200157 4500
001 92101
082 _a378.1664 WEI
090 _c44064
_d44063
100 _aSharon Weiner Green
245 _aGRE, 20e
250 _a20
260 _aUSA
_bBarron's Educational Series
_c2013
300 _aviii, 599p.
_bPb
_e01 Audio File CD
500 _aGeneral Book
740 _aGRADUATE RECORD EXAMINATION-2013
942 _aCAE NUST
_k378.1664 WEI
999 _c327174
_d327174